Metodo de diseño de acometidas para residencias
Uloženo v:
| Hlavní autor: | |
|---|---|
| Další autoři: | |
| Médium: | Kniha |
| Vydáno: |
[San José , Costa Rica]
1987
|
| Témata: | |
| Tagy: |
Přidat tag
Žádné tagy, Buďte první, kdo vytvoří štítek k tomuto záznamu!
|
MARC
| LEADER | 00000nam a2200000Ia 4500 | ||
|---|---|---|---|
| 003 | 004387 | ||
| 005 | 20240424072348.0 | ||
| 008 | 140114s1987 cr a m 000 ||s d | ||
| 040 | |c cru CEDI | ||
| 090 | |a TFG 2017 | ||
| 100 | |a Cubero Castro, Edgar Antonio, 1963- |9 2981 | ||
| 245 | |a Metodo de diseño de acometidas para residencias | ||
| 260 | |a [San José , Costa Rica] |c 1987 | ||
| 300 | |a xi, 30, [75] hojas : planos plegables ; 28 cm | ||
| 500 | |a Proyecto de graduación (bachiller en ingeniería eléctrica)--Universidad de Costa Rica. Facultad de Ingeniería. Escuela de Ingeniería Eléctrica | ||
| 501 | |a Profesor Guía de IE-0502 Proyecto Eléctrico: Ing. Guillermo Segura | ||
| 650 | |x INSTALACIONES ELECTRICAS - EQUIPO ELECTRICO |9 13785 | ||
| 700 | |a Barboza Cascante, Mario Francisco, 1961- |9 2982 | ||
| 942 | |c TFG |h TFG 2017 |i 004387 |6 TFG_2017_004387000000000 | ||
| 999 | |c 20730 |d 20730 | ||
